| 000 | 01292cam a22002771i 4500 | ||
|---|---|---|---|
| 003 | SA-RiAUC | ||
| 005 | 20250802055106.0 | ||
| 008 | 250730s1996 ir g 000 0 ara c | ||
| 040 |
_aSA-JeALM _bara _cSA-RiAUC _erda |
||
| 082 | 0 | 4 |
_a258.6 _qSA-RiAUC |
| 090 |
_a258.6 _bش هـ ي |
||
| 100 | 1 |
_aالشهيد الثاني، زين الدين بن علي بن أحمد، _d911-966 هجري _eمؤلف. |
|
| 245 | 1 | 0 |
_aتمهيد القواعد / _cتأليف الشهيد الثاني ؛ تحقيق مكتب الإعلام الإسلامي. |
| 250 | _aالطبعة الثانية. | ||
| 264 | 1 |
_aقم، إيران : _bمكتب الإعلام الإسلامي، _c2008. |
|
| 300 |
_a648 صفحة ؛ _c24 سم |
||
| 336 |
_aنص _btxt _2rdacontent _3كتاب |
||
| 337 |
_aبدون وسيط _bn _2rdamedia |
||
| 338 |
_aمجلد _bnc _2rdacarrier |
||
| 650 | 7 |
_aالقواعد الفقهية (شيعة) _2aucsh |
|
| 650 | 7 |
_aأصول الفقه الإسلامي (شيعة) _2aucsh |
|
| 700 | 1 | 2 |
_iتحقيق لـ : _aالشهيد الثاني، زين الدين بن علي بن أحمد، _d911-966 هجري. _tتمهيد القواعد |
| 710 | 2 |
_aمكتب الإعلام الإسلامي (قم، إيران) _eمحقق. |
|
| 942 |
_2ddc _cBOOK _n0 |
||
| 949 |
_aSA-JeALM _d250730 _uosman123 _n1 |
||
| 999 |
_c10461 _d10461 |
||